| 000 | 02677nam a2200241 a 4500 | ||
|---|---|---|---|
| 001 | 000044211 | ||
| 003 | DO-SdBNP | ||
| 005 | 20240927073749.0 | ||
| 008 | 140609s1999 dr a 000 0 spa d | ||
| 040 |
_aDO-SdBNP _bspa _cBNPHU |
||
| 082 |
_a938 _bB171g, 1999 |
||
| 100 | 1 |
_a Balaguer, Joaquín, _d1906-2002 _976556 |
|
| 245 | 1 | 0 |
_aGrecia eterna / _cBalaguer Joaquín. |
| 250 | _a2a ed. | ||
| 260 |
_aSanto Domingo : _bCorripio, _c1999. |
||
| 300 |
_a295 p. : _bil. ; _c23 cm. |
||
| 500 | _aIncluye referencias bibliográficas y notas al pie de las páginas | ||
| 504 | _aBibliografías : p. 293-294 | ||
| 505 | 0 | _aORIGEN Y POBLACION -- Origen y población 3 -- Ciudades autónomas 5 -- El genio griego en las artes 9 -- La arquitectura 9 -- El Partenón 10 -- Orden jónico 12 -- El corintio 12 -- El templo griego 16 -- La arquitectura en la edad media 18 -- LAS ARTES PLASTICAS -- Las artes plásticas 23 -- La escultura 23 -- Fidias 24 -- Escopas 27 -- Praxiteles 30 -- Lisipo 35 -- LA PINTURA -- La pintura 41 -- Apeles 41 -- Parrasio 43 -- Zeuxis 45 -- Polignoto 47 -- Juicio de Platón 48 -- EL GENIO LITERARIO GRIEGO -- El genio literario griego 53 -- Homero 53 -- Solón 59 -- Anacreonte 64 -- Píndaro 65 -- Corina 69 -- Tirteo 70 -- Alceo 71 -- Mimnermo 71 -- Arquíloco 72 -- Hesíodo 73 -- Safo 74 -- Simónides de Ceos 78 -- Simónides de Amorgos 81 -- LOS POETAS TRAGICOS -- Los poetas trágicos 85 -- Esquilo 86 -- Sófocles 93 -- Eurípides 100 -- Agatón 113 -- LOS POETAS COMICOS -- Los poetas cómicos 117 -- Aristófanes 117 -- Cratino 122 -- LOS FILOSOFOS -- Los filósofos 127 -- Pitágoras y el pitagorismo 128 -- Parménides 131 -- Heráclito 133 -- Sócrates 135 -- Platón 150 -- Aristóteles 164 -- LA SOFISTICA -- La sofística 181 -- Gorgias 183 -- LA CIENCIA GRIEGA -- La ciencia griega 187 -- Hiparco 189 -- Mileto 193 -- Arquímedes 197 -- euclides 203 -- GRECIA, CUNA DE LA HISTORIA -- Grecia, cuna de la historia 211 -- Heródoto 211 -- Tucídides 213 -- Polibio 217 -- Diodoro Sículo 217 -- Plutarco 218 -- LA MITOLOGIA GRIEGA -- La mitología griega 221 -- Los dioses griegos 223 -- Zeus 223 -- Los grandes dioses que no tenían asiento en el consejo celestial, otros dioses y semidioses 232 -- los dioses menores eran colaboradores de las grandes divinidades 234 -- Los dioses del hogar y de la patria eran muy numerosos 236 -- Los dioses del campo y la ciudad en la mitología grecorromana 237 -- Principales dioses de las aguas y sus atributos 238 -- Los dioses que habitaban en las montañas y en los bosques 240 -- Los di | |
| 651 | 1 | 4 |
_aGrecia _xHistoria _92389 |
| 910 | _aValidado. Control de calidad MFF | ||
| 942 |
_2ddc _cLBS1 |
||
| 999 |
_c43700 _d43700 |
||